=LDR 00000nam 2200000 4500 =001 INLIS000000000011414 =005 20130612102959 =008 ***********************************Ind** =035 ##$$0010-061300000011414 =041 ##$$a Ind =082 ##$$a 959.8 =090 ##$$a 959.8, Sud m =100 ##$$a Suryohadiprojo, Sayidinan =245 ##$$a Membangun Peradaban Indonesia, Saydina Suryohadiprojo =260 ##$$a 1995 $b Jakarta =300 ##$$a IX,235 hlm., 21 cm =650 ##$$a Indonesia-Peradaban =850 ##$$a NBPNMAT